Life in the oceans / (Record no. 659)

MARC details
000 -LEADER
fixed length control field 01014nam a22003017a 4500
005 - DATE AND TIME OF LATEST TRANSACTION
control field 20251111141625.0
020 ## - INTERNATIONAL STANDARD BOOK NUMBER
International Standard Book Number 053110981X (lib. bdg.)
020 ## - INTERNATIONAL STANDARD BOOK NUMBER
International Standard Book Number 9780590461320
040 ## - CATALOGING SOURCE
Original cataloging agency DLC
Transcribing agency DLC
Modifying agency DLC
Language of cataloging eng
050 00 - LIBRARY OF CONGRESS CALL NUMBER
Classification number QH541.5.S3
Item number B28 1990
082 00 - DEWEY DECIMAL CLASSIFICATION NUMBER
Classification number 574.92
Edition number 20
100 1# - MAIN ENTRY--PERSONAL NAME
Personal name Baker, Lucy,
Dates associated with a name 1964-
245 10 - TITLE STATEMENT
Title Life in the oceans /
Statement of responsibility, etc. Lucy Baker.
250 ## - EDITION STATEMENT
Edition statement First Scholastic printing, October 1992.
260 ## - PUBLICATION, DISTRIBUTION, ETC.
Place of publication, distribution, etc. New York :
Name of publisher, distributor, etc. Scholastic,
Date of publication, distribution, etc. 1992.
300 ## - PHYSICAL DESCRIPTION
Extent 31 p. :
Other physical details color illustrations ;
Dimensions 27 cm.
500 ## - GENERAL NOTE
General note Includes index.
505 ## - FORMATTED CONTENTS NOTE
Formatted contents note S <br/>
520 ## - SUMMARY, ETC.
Summary, etc. Examines plant and animal life, minerals, and other riches below the surface of the ocean, and the potential havoc that humans can wreak in harvesting resources from the seas.
521 ## - TARGET AUDIENCE NOTE
Target audience note 940 <br/>
Source Lexile <br/>
521 ## - TARGET AUDIENCE NOTE
Target audience note S <br/>
Source Raz-Plus <br/>
650 #0 - SUBJECT ADDED ENTRY--TOPICAL TERM
Topical term or geographic name entry element Marine ecology
General subdivision Juvenile literature.
650 #1 - SUBJECT ADDED ENTRY--TOPICAL TERM
Topical term or geographic name entry element Marine biology.
650 #1 - SUBJECT ADDED ENTRY--TOPICAL TERM
Topical term or geographic name entry element Ocean.
906 ## - LOCAL DATA ELEMENT F, LDF (RLIN)
a 7
b cbc
c orignew
d 1
e ocip
f 19
g y-gencatlg
942 ## - ADDED ENTRY ELEMENTS (KOHA)
Source of classification or shelving scheme Dewey Decimal Classification
Koha item type Books
Suppress in OPAC No
999 ## -
-- 659
-- 659
Holdings
Withdrawn status Lost status Source of classification or shelving scheme Damaged status Not for loan Collection Home library Current library Shelving location Date acquired Total Checkouts Full call number Barcode Date last seen Copy number Price effective from Koha item type
    Dewey Decimal Classification     Non-Fiction Footprints International School Library Network Toul Kork Campus Footprints International School Library Network Toul Kork Campus   06/28/2023   BAK QH541.S3 FISTK05568 06/28/2023 1 06/28/2023 Books
    Dewey Decimal Classification     Non-Fiction Footprints International School Library Network Toul Kork Campus Footprints International School Library Network Toul Kork Campus   06/28/2023   BAK QH541.S3 FISTK02577 06/28/2023 2 06/28/2023 Books
    Dewey Decimal Classification     Non-Fiction Footprints International School Library Network Toul Kork Campus Footprints International School Library Network Toul Kork Campus   06/28/2023   BAK QH541.S3 FISBK06037 11/02/2023 3 06/28/2023 Books
    Dewey Decimal Classification     Non-Fiction Footprints International School Library Network Toul Tom Poung Campus Footprints International School Library Network Toul Tom Poung Campus TTP Secondary Non-Fiction Bookshelves 11/11/2025   BAK QH541.S3 FISO5331 11/11/2025 4 11/11/2025 Books